[Event "DVM U20 2010"]
[Site "Osnabrück GER"]
[Date "2010.12.27"]
[Round "2"]
[White "Kyas, Marcel"]
[Black "Savchenko, Aleksij"]
[Result "1/2-1/2"]
[Termination "normal"]
[Board "1.1"]
[WhiteElo "2129"]
[BlackElo "2267"]
[WhiteTeam "SVG Salzgitter"]
[BlackTeam "SG Porz"]
[PlyCount "106"]
[WhiteFideId "24642037"]
[BlackFideId "24611727"]
[EventCountry "GER"]
[EventRounds "7"]
[EventType "team-swiss"]
[EventDate "2010.12.26"]

1. d4 Nf6 2. c4 e6 3. g3 d5 4. Bg2 Be7 5. Nf3 O-O 6. O-O dxc4 7. Qc2 a6 8. a4
Nc6 9. Rd1 Na5 10. Nc3 Rb8 11. e4 Nb3 12. Rb1 b5 13. axb5 axb5 14. d5 Nxc1 15.
Rbxc1 Qe8 16. Ne5 exd5 17. exd5 Bd6 18. Nc6 Rb6 19. Ra1 Bb7 20. Ra7 g6 21. Rda1
Bxc6 22. dxc6 Qe5 23. Rb7 Rb8 24. Qd2 Kg7 25. Re1 Qc5 26. Rxb6 Rxb6 27. Ra1 Rb8
28. Ra5 Be5 29. Bf3 h6 30. Kg2 g5 31. h3 Ng8 32. Qd7 Qb4 33. Ra2 Nf6 34. Qd2
Qd6 35. Qxd6 Bxd6 36. Ra7 b4 37. Nd1 Rb5 38. Rb7 Ra5 39. Be2 Ra6 40. Bxc4 Rxc6
41. Ne3 Bf8 42. Nf5+ Kg8 43. b3 Nd7 44. Nd4 Rc5 45. Rxb4 Ne5 46. Ra4 Nxc4 47.
Rxc4 Rd5 48. g4 c5 49. Nc2 Rd3 50. b4 cxb4 51. Nxb4 Bxb4 52. Rxb4 Kg7 53. Rb6
Rc3 1/2-1/2

[Event "DVM U20 2010"]
[Site "Osnabrück GER"]
[Date "2010.12.27"]
[Round "2"]
[White "Czybik, Nils Patrick"]
[Black "Tennert, Simon"]
[Result "1/2-1/2"]
[Termination "normal"]
[Board "1.2"]
[WhiteElo "2103"]
[BlackElo "2025"]
[WhiteTeam "SG Porz"]
[BlackTeam "SVG Salzgitter"]
[PlyCount "107"]
[WhiteFideId "24632040"]
[BlackFideId "1270445"]
[EventCountry "GER"]
[EventRounds "7"]
[EventType "team-swiss"]
[EventDate "2010.12.26"]

1. Nf3 c5 2. c4 Nf6 3. Nc3 Nc6 4. g3 g6 5. Bg2 Bg7 6. O-O O-O 7. d4 cxd4 8.
Nxd4 Nxd4 9. Qxd4 d6 10. h3 Nd7 11. Qd2 Nc5 12. b3 Be6 13. Bb2 Qd7 14. b4 Na6
15. Nd5 Bxb2 16. Qxb2 Rfe8 17. Kh2 Rab8 18. Rfd1 Bxd5 19. Rxd5 Rec8 20. c5 Qa4
21. cxd6 exd6 22. a3 Rc2 23. Qf6 Rxe2 24. Rxd6 Qc2 25. Rd8+ Rxd8 26. Qxd8+ Kg7
27. Qd4+ Kg8 28. Qd8+ Kg7 29. Qd4+ Kg8 30. Kg1 b6 31. Qd8+ Kg7 32. Qd4+ Kg8 33.
Qd8+ Kg7 34. Qd4+ Kg8 35. Qd8+ Kg7 36. Qd4+ Kg8 37. Qd8+ Kg7 38. Qd4+ Kg8 39.
Qd8+ Kg7 40. Qd4+ Kg8 41. Qd8+ Kg7 42. Qd4+ Kg8 43. Qd8+ Kg7 44. Qd4+ Kg8 45.
Qd8+ Kg7 46. Qd4+ Kg8 47. Qd8+ Kg7 48. Qd4+ Kg8 49. Qd8+ Kg7 50. Qd4+ Kg8 51.
Qd8+ Kg7 52. Qd4+ Kg8 53. Qd8+ Kg7 54. Qd4+ 1/2-1/2

[Event "DVM U20 2010"]
[Site "Osnabrück GER"]
[Date "2010.12.27"]
[Round "2"]
[White "Kremser, Michael"]
[Black "Kyas, Philipp"]
[Result "1-0"]
[Termination "normal"]
[Board "1.4"]
[WhiteElo "1947"]
[BlackElo "2035"]
[WhiteTeam "SG Porz"]
[BlackTeam "SVG Salzgitter"]
[PlyCount "69"]
[WhiteFideId "1270131"]
[BlackFideId "24670936"]
[EventCountry "GER"]
[EventRounds "7"]
[EventType "team-swiss"]
[EventDate "2010.12.26"]

1. d4 Nf6 2. Bg5 d5 3. e3 Nbd7 4. Nf3 e6 5. Bd3 h6 6. Bh4 c5 7. c4 Bd6 8. Nc3
cxd4 9. exd4 dxc4 10. Bxc4 O-O 11. O-O a6 12. d5 Ne5 13. Bb3 exd5 14. Nxd5 g5
15. Bg3 Bg4 16. Bxe5 Bxe5 17. Qd3 Bxf3 18. Qxf3 Qd6 19. h3 Rad8 20. Rad1 Bxb2
21. Nxf6+ Qxf6 22. Qxb7 Rxd1 23. Rxd1 Bd4 24. Rd2 Qf4 25. Re2 Be5 26. g3 Qd4
27. Qxa6 Kg7 28. Kg2 h5 29. Qb5 Bf6 30. Qf5 h4 31. Re4 Qd6 32. gxh4 gxh4 33.
Rg4+ Kh6 34. Bc2 Rh8 35. Rg6+ 1-0

[Event "DVM U20 2010"]
[Site "Osnabrück GER"]
[Date "2010.12.27"]
[Round "2"]
[White "Langenfeld, Olaf"]
[Black "Sistig, Max"]
[Result "1-0"]
[Termination "normal"]
[Board "1.5"]
[WhiteElo "2022"]
[BlackElo "1932"]
[WhiteTeam "SVG Salzgitter"]
[BlackTeam "SG Porz"]
[PlyCount "91"]
[WhiteFideId "24645826"]
[BlackFideId "1270582"]
[EventCountry "GER"]
[EventRounds "7"]
[EventType "team-swiss"]
[EventDate "2010.12.26"]

1. d4 Nf6 2. Nf3 g6 3. c4 Bg7 4. Nc3 O-O 5. Bg5 d6 6. e3 Nbd7 7. Be2 Re8 8. O-O
e5 9. dxe5 dxe5 10. Qc2 c6 11. Rfd1 Qc7 12. Nd2 a5 13. Nde4 b6 14. Bxf6 Nxf6
15. Nxf6+ Bxf6 16. Ne4 Be7 17. c5 Bf5 18. cxb6 Qxb6 19. Bd3 Red8 20. b3 Qb4 21.
Nc3 Bxd3 22. Rxd3 Rxd3 23. Qxd3 Rd8 24. Qc2 Qc5 25. g3 Kg7 26. Rc1 f5 27. Na4
Qb5 28. Rd1 Rxd1+ 29. Qxd1 Qd5 30. Qxd5 cxd5 31. Nb6 d4 32. exd4 exd4 33. Kf1
Kf7 34. Nc4 Bb4 35. Ke2 Ke6 36. Kd3 Kd5 37. f3 h5 38. f4 Be1 39. Ne5 h4 40.
gxh4 Bxh4 41. Nxg6 Bf2 42. h4 Ke6 43. h5 Kf6 44. Ne5 Be3 45. h6 Bxf4 46. h7 1-0

[Event "DVM U20 2010"]
[Site "Osnabrück GER"]
[Date "2010.12.27"]
[Round "2"]
[White "Karmann, Anna"]
[Black "Sauer, Norwin"]
[Result "1/2-1/2"]
[Termination "normal"]
[Board "1.6"]
[WhiteElo "1935"]
[BlackElo "2062"]
[WhiteTeam "SG Porz"]
[BlackTeam "SVG Salzgitter"]
[PlyCount "121"]
[WhiteFideId "24648000"]
[BlackFideId "24645966"]
[EventCountry "GER"]
[EventRounds "7"]
[EventType "team-swiss"]
[EventDate "2010.12.26"]

1. c4 e6 2. g3 Nf6 3. Bg2 d5 4. Nf3 Bd6 5. O-O O-O 6. b3 Nbd7 7. Bb2 c6 8. d3
Qe7 9. Nbd2 Rd8 10. Qc2 Ba3 11. Bxa3 Qxa3 12. cxd5 exd5 13. e4 dxe4 14. dxe4
Qc5 15. Qb2 Nf8 16. e5 Nd5 17. Rac1 Qb4 18. Rc4 Qe7 19. Ne4 Be6 20. Rd4 Bg4 21.
Neg5 Bxf3 22. Nxf3 Ne6 23. Rd2 Nb4 24. Rfd1 Rxd2 25. Rxd2 Rd8 26. a3 Rxd2 27.
Qxd2 Nd5 28. b4 a5 29. Nd4 axb4 30. Bxd5 cxd5 31. axb4 h6 32. Nf5 Qg5 33. Qxg5
Nxg5 34. f4 Nf3+ 35. Kg2 Ne1+ 36. Kf1 Nf3 37. Ne7+ Kf8 38. Nxd5 Nxh2+ 39. Ke2
Ke8 40. Ne3 Kd7 41. g4 Kc6 42. Kf2 Kb5 43. Kg3 Kxb4 44. Kxh2 Kc5 45. Kg3 b5 46.
f5 b4 47. Kf4 b3 48. Nd1 Kd5 49. Nc3+ Kc6 50. e6 fxe6 51. fxe6 Kd6 52. Kf5 b2
53. Kg6 Kxe6 54. Kxg7 Ke5 55. Kxh6 Kd4 56. Nb1 Kd3 57. g5 Kc2 58. Na3+ Kb3 59.
Nb1 Kc2 60. Na3+ Kb3 61. Nb1 1/2-1/2

[Event "DVM U20 2010"]
[Site "Osnabrück GER"]
[Date "2010.12.27"]
[Round "2"]
[White "Tkachuk, Konstantyn"]
[Black "Ohme, Melanie"]
[Result "1-0"]
[Termination "normal"]
[Board "2.1"]
[BlackTitle "WIM"]
[WhiteElo "2174"]
[BlackElo "2311"]
[WhiteTeam "SG Bochum 1931"]
[BlackTeam "SC Leipzig-Gohlis"]
[PlyCount "83"]
[WhiteFideId "24647330"]
[BlackFideId "4690745"]
[EventCountry "GER"]
[EventRounds "7"]
[EventType "team-swiss"]
[EventDate "2010.12.26"]

1. e4 c5 2. Nf3 Nc6 3. d4 cxd4 4. Nxd4 Nf6 5. Nc3 d6 6. Bc4 Qb6 7. Nb3 e6 8.
Be3 Qc7 9. f3 Be7 10. Qd2 a6 11. a4 Nb4 12. Bd3 d5 13. O-O dxe4 14. Nxe4 Nxd3
15. Qxd3 Nd5 16. Bc5 Bxc5+ 17. Nexc5 b6 18. Ne4 O-O 19. c4 Nf4 20. Qc2 e5 21.
a5 f5 22. Ned2 Be6 23. axb6 Qxb6+ 24. Kh1 Rfd8 25. Qc3 Nd3 26. c5 Qc7 27. Ra5
Qf7 28. Nc1 Nf4 29. c6 Qc7 30. Re1 Rd6 31. Rc5 Rad8 32. Qxe5 Nxg2 33. Kxg2
Rxd2+ 34. Kg3 R8d6 35. Nb3 R2d3 36. Na5 Bf7 37. Nc4 Rg6+ 38. Kf2 Qc8 39. Nb6
Rd2+ 40. Re2 Rxe2+ 41. Kxe2 Qf8 42. c7 1-0

[Event "DVM U20 2010"]
[Site "Osnabrück GER"]
[Date "2010.12.27"]
[Round "2"]
[White "Meißner, Felix"]
[Black "Mazarov, Jürgen"]
[Result "1-0"]
[Termination "normal"]
[Board "2.2"]
[WhiteElo "2198"]
[BlackElo "2141"]
[WhiteTeam "SC Leipzig-Gohlis"]
[BlackTeam "SG Bochum 1931"]
[PlyCount "107"]
[WhiteFideId "24671827"]
[BlackFideId "24617768"]
[EventCountry "GER"]
[EventRounds "7"]
[EventType "team-swiss"]
[EventDate "2010.12.26"]

1. e4 c5 2. Nf3 d6 3. d4 cxd4 4. Nxd4 Nf6 5. f3 e5 6. Bb5+ Bd7 7. Bxd7+ Qxd7 8.
Nf5 d5 9. Bg5 dxe4 10. Bxf6 Qxd1+ 11. Kxd1 gxf6 12. fxe4 Nc6 13. c3 Rg8 14. g3
Rd8+ 15. Kc2 Ne7 16. Nd2 h5 17. Rad1 Rg4 18. Ne3 Rg8 19. Ndc4 Bh6 20. Rhe1 Rxd1
21. Rxd1 Bxe3 22. Nxe3 Rg5 23. Rf1 Rg6 24. b4 Kd7 25. Rd1+ Kc7 26. a4 f5 27.
exf5 Ra6 28. a5 f6 29. h3 b6 30. axb6+ axb6 31. Kb3 Ra8 32. Rg1 Rd8 33. Kc2 Ra8
34. g4 hxg4 35. hxg4 e4 36. g5 fxg5 37. f6 Nc6 38. Rxg5 Rf8 39. Kd2 Kd6 40. Ng4
Nd8 41. Ke3 Nf7 42. Rb5 Kc6 43. Rf5 Nd6 44. Rh5 Kd7 45. Rh7+ Ke6 46. Kf4 Kd5
47. Re7 Kc4 48. Rd7 Ne8 49. f7 Kxc3 50. Ne5 Nf6 51. Rd6 Nh5+ 52. Kxe4 Kxb4 53.
Rxb6+ Ka3 54. Rg6 1-0

[Event "DVM U20 2010"]
[Site "Osnabrück GER"]
[Date "2010.12.27"]
[Round "2"]
[White "Kelbling, Philipp"]
[Black "Doberitz, Paul"]
[Result "1-0"]
[Termination "normal"]
[Board "2.3"]
[WhiteElo "2132"]
[BlackElo "2221"]
[WhiteTeam "SG Bochum 1931"]
[BlackTeam "SC Leipzig-Gohlis"]
[PlyCount "85"]
[WhiteFideId "24669750"]
[BlackFideId "24646130"]
[EventCountry "GER"]
[EventRounds "7"]
[EventType "team-swiss"]
[EventDate "2010.12.26"]

1. e4 c5 2. Nf3 d6 3. d4 cxd4 4. Nxd4 Nf6 5. Nc3 g6 6. Be3 Bg7 7. f3 O-O 8. Qd2
Nc6 9. O-O-O d5 10. exd5 Nxd5 11. Nxc6 bxc6 12. Nxd5 cxd5 13. Bh6 Be6 14. h4
Bf6 15. Bxf8 Qb6 16. c3 d4 17. c4 Rxf8 18. Bd3 Rc8 19. Kb1 Bxc4 20. Bxc4 Rxc4
21. Rc1 Rxc1+ 22. Qxc1 d3 23. h5 gxh5 24. Rxh5 e6 25. Rh1 Qd4 26. Qd2 h6 27.
Rd1 Kg7 28. a3 a5 29. g3 Qb6 30. Rh1 Kg8 31. Rxh6 Qg1+ 32. Ka2 Bg7 33. Rh5 Qxg3
34. Qxd3 Qb8 35. Qb5 Qf4 36. Qd3 Qb8 37. Rb5 Qh2 38. Qd8+ Kh7 39. Qxa5 Qe2 40.
Rh5+ Kg8 41. Qa8+ Bf8 42. Qe4 Qa6 43. Qh7# 1-0

[Event "DVM U20 2010"]
[Site "Osnabrück GER"]
[Date "2010.12.27"]
[Round "2"]
[White "Hentze, Markus"]
[Black "Pilat, Fabian"]
[Result "1-0"]
[Termination "normal"]
[Board "2.4"]
[WhiteElo "2048"]
[BlackElo "1959"]
[WhiteTeam "SC Leipzig-Gohlis"]
[BlackTeam "SG Bochum 1931"]
[PlyCount "71"]
[WhiteFideId "4670922"]
[BlackFideId "24683396"]
[EventCountry "GER"]
[EventRounds "7"]
[EventType "team-swiss"]
[EventDate "2010.12.26"]

1. e4 e6 2. d4 d5 3. Nc3 Nc6 4. Nf3 Nf6 5. e5 Ne4 6. Ne2 Be7 7. Ng3 f6 8. Bb5
O-O 9. O-O f5 10. c3 Bd7 11. Ba4 Qe8 12. Bc2 Qg6 13. Ne2 Qf7 14. Ne1 h6 15. g3
Ng5 16. Kg2 Na5 17. a4 c5 18. dxc5 Nc6 19. b4 a6 20. Nd3 Bd8 21. h4 Nh7 22. f4
g6 23. Nd4 Bc7 24. Bd2 Rfb8 25. Be3 Nf8 26. Qe2 Qe8 27. h5 Kg7 28. Rh1 Ne7 29.
hxg6 Qxg6 30. Nf2 Ng8 31. g4 Kf7 32. Rag1 Ke7 33. Kf1 Qf7 34. Rh3 Re8 35. Rhg3
Kd8 36. gxf5 1-0

[Event "DVM U20 2010"]
[Site "Osnabrück GER"]
[Date "2010.12.27"]
[Round "2"]
[White "Butschek, Marc"]
[Black "Kreyssig, Robert"]
[Result "1-0"]
[Termination "normal"]
[Board "2.5"]
[WhiteElo "1863"]
[BlackElo "1869"]
[WhiteTeam "SG Bochum 1931"]
[BlackTeam "SC Leipzig-Gohlis"]
[PlyCount "55"]
[WhiteFideId "4630904"]
[BlackFideId "4662881"]
[EventCountry "GER"]
[EventRounds "7"]
[EventType "team-swiss"]
[EventDate "2010.12.26"]

1. e4 c5 2. c3 Nf6 3. e5 Nd5 4. d4 cxd4 5. Qxd4 e6 6. Nf3 Nc6 7. Qe4 Nde7 8.
Nbd2 Ng6 9. Bb5 Qc7 10. Bxc6 dxc6 11. O-O Be7 12. Nc4 O-O 13. h4 h5 14. Bg5 b6
15. g4 hxg4 16. Qxg4 Ba6 17. Bxe7 Qxe7 18. Rfe1 Bxc4 19. Qxc4 Rfd8 20. h5 Nf8
21. Kh2 Qc5 22. Qh4 Rd3 23. Nd4 Qd5 24. Qf4 c5 25. Rg1 g6 26. hxg6 Nxg6 27.
Rxg6+ fxg6 28. Rg1 1-0

[Event "DVM U20 2010"]
[Site "Osnabrück GER"]
[Date "2010.12.27"]
[Round "2"]
[White "Heistermann, Till"]
[Black "Budszuhn, Timo"]
[Result "0-1"]
[Termination "normal"]
[Board "2.6"]
[WhiteElo "1909"]
[BlackElo "1946"]
[WhiteTeam "SC Leipzig-Gohlis"]
[BlackTeam "SG Bochum 1931"]
[PlyCount "62"]
[BlackFideId "1270607"]
[EventCountry "GER"]
[EventRounds "7"]
[EventType "team-swiss"]
[EventDate "2010.12.26"]

1. d4 Nf6 2. Nf3 d5 3. c4 c6 4. g3 Bf5 5. Bg2 e6 6. O-O Qb6 7. Nc3 Nbd7 8. c5
Qd8 9. b4 Ne4 10. Nxe4 Bxe4 11. Qb3 Be7 12. Bb2 Bf6 13. Ne5 Bxg2 14. Kxg2 Bxe5
15. dxe5 f6 16. exf6 Nxf6 17. f3 Qc7 18. Qe3 Qd7 19. Rad1 O-O 20. Qc3 Rfe8 21.
e4 Qf7 22. Rde1 Rad8 23. exd5 exd5 24. Rxe8+ Nxe8 25. Qd4 Nc7 26. Re1 Nb5 27.
Qh4 Rf8 28. f4 d4 29. a4 Qa2 30. Re2 Nc3 31. Rf2 Nd1 0-1

[Event "DVM U20 2010"]
[Site "Osnabrück GER"]
[Date "2010.12.27"]
[Round "2"]
[White "Mons, Leon"]
[Black "Knickel, Aaron"]
[Result "1-0"]
[Termination "normal"]
[Board "3.1"]
[WhiteElo "2178"]
[BlackElo "2161"]
[WhiteTeam "SC Forchheim"]
[BlackTeam "SF Neuberg"]
[PlyCount "75"]
[WhiteFideId "4614950"]
[BlackFideId "24605298"]
[EventCountry "GER"]
[EventRounds "7"]
[EventType "team-swiss"]
[EventDate "2010.12.26"]

1. e4 g6 2. d4 d6 3. Nc3 Bg7 4. f4 a6 5. Nf3 b5 6. Bd3 Nd7 7. Be3 Bb7 8. Qe2 c5
9. dxc5 dxc5 10. e5 Nh6 11. Ng5 Qc8 12. e6 Nf6 13. exf7+ Nxf7 14. Bxc5 O-O 15.
Bd4 e5 16. Bxe5 Nxe5 17. fxe5 Ng4 18. Nce4 Bxe5 19. O-O-O Bf4+ 20. Kb1 Bxg5 21.
Nxg5 Re8 22. Qd2 Ne3 23. Rde1 Nxg2 24. Re4 Nh4 25. Rhe1 Bxe4 26. Bxe4 Rxe4 27.
Qd5+ Kg7 28. Qxe4 Nf5 29. Qe5+ Kg8 30. Qd5+ Kh8 31. Nf7+ Kg7 32. Nd6 Qf8 33.
Nxf5+ gxf5 34. Rg1+ Kf6 35. Qc6+ Ke5 36. Re1+ Kf4 37. Qg2 Qg8 38. Qf2+ 1-0

[Event "DVM U20 2010"]
[Site "Osnabrück GER"]
[Date "2010.12.27"]
[Round "2"]
[White "Seifert, Christopher"]
[Black "Seyb, Alexander"]
[Result "0-1"]
[Termination "normal"]
[Board "3.2"]
[BlackTitle "FM"]
[WhiteElo "2217"]
[BlackElo "2294"]
[WhiteTeam "SF Neuberg"]
[BlackTeam "SC Forchheim"]
[PlyCount "50"]
[WhiteFideId "24615293"]
[BlackFideId "4699033"]
[EventCountry "GER"]
[EventRounds "7"]
[EventType "team-swiss"]
[EventDate "2010.12.26"]

1. c4 Nf6 2. g3 e6 3. Nf3 d5 4. b3 Be7 5. Bg2 O-O 6. O-O b6 7. Bb2 Bb7 8. e3 c5
9. Nc3 Nbd7 10. cxd5 Nxd5 11. d4 Nxc3 12. Bxc3 Rc8 13. Rc1 cxd4 14. Bxd4 Ba6
15. Re1 Bb4 16. Bxg7 Rxc1 17. Qxc1 Kxg7 18. Rd1 Qc8 19. Qb2+ Nf6 20. Rc1 Qd8
21. Nd4 Be7 22. Nc6 Qd6 23. Nxa7 Qa3 24. Qa1 h6 25. Bf3 Rd8 0-1

[Event "DVM U20 2010"]
[Site "Osnabrück GER"]
[Date "2010.12.27"]
[Round "2"]
[White "Miller, Eduard"]
[Black "Hummel, Dennis"]
[Result "1/2-1/2"]
[Termination "normal"]
[Board "3.3"]
[WhiteElo "2110"]
[BlackElo "2020"]
[WhiteTeam "SC Forchheim"]
[BlackTeam "SF Neuberg"]
[PlyCount "82"]
[WhiteFideId "24687022"]
[BlackFideId "4638336"]
[EventCountry "GER"]
[EventRounds "7"]
[EventType "team-swiss"]
[EventDate "2010.12.26"]

1. d3 e6 2. g3 c5 3. Bg2 Nc6 4. f4 g6 5. Nf3 Bg7 6. c3 Nge7 7. O-O O-O 8. e4 d6
9. Qe2 Rb8 10. Be3 b5 11. d4 cxd4 12. cxd4 Qa5 13. Nbd2 Ba6 14. Nb3 Qa4 15.
Rfc1 Rfc8 16. e5 b4 17. Qe1 d5 18. Nc5 Qa5 19. g4 Rc7 20. Qf2 Bc4 21. Nh4 Qb5
22. f5 gxf5 23. gxf5 exf5 24. b3 Bd3 25. Nxd3 Qxd3 26. Rd1 Qa6 27. Bf1 Qb6 28.
Bd3 Nd8 29. Kh1 f4 30. Bxf4 Ne6 31. Nf5 Nxf4 32. Qxf4 Ng6 33. Nh6+ Kf8 34. Bxg6
hxg6 35. e6 Qxe6 36. Qxc7 Qe4+ 37. Kg1 Bxd4+ 38. Rxd4 Qxd4+ 39. Kg2 Qe4+ 40.
Kf2 Qd4+ 41. Kg2 Qe4+ 1/2-1/2

[Event "DVM U20 2010"]
[Site "Osnabrück GER"]
[Date "2010.12.27"]
[Round "2"]
[White "Iwanziw, Niklas"]
[Black "Stephan, Michael"]
[Result "0-1"]
[Termination "normal"]
[Board "3.4"]
[WhiteElo "1950"]
[BlackElo "1862"]
[WhiteTeam "SF Neuberg"]
[BlackTeam "SC Forchheim"]
[PlyCount "48"]
[WhiteFideId "24647101"]
[BlackFideId "24656852"]
[EventCountry "GER"]
[EventRounds "7"]
[EventType "team-swiss"]
[EventDate "2010.12.26"]

1. d4 Nf6 2. c4 g6 3. Nc3 d6 4. e4 Bg7 5. Nf3 Bg4 6. Be2 O-O 7. O-O Nfd7 8. Be3
Na6 9. h3 Bxf3 10. Bxf3 c5 11. d5 Nc7 12. Re1 a6 13. a4 b5 14. axb5 axb5 15.
cxb5 Rb8 16. Be2 Nb6 17. Qd2 Qd7 18. f4 e6 19. Rad1 Rbd8 20. f5 exf5 21. exf5
Qxf5 22. Bg4 Qf6 23. Kh2 Nc4 24. Qd3 Nxb2 0-1

[Event "DVM U20 2010"]
[Site "Osnabrück GER"]
[Date "2010.12.27"]
[Round "2"]
[White "Neth, Tobias"]
[Black "Bluhm, Achim"]
[Result "1-0"]
[Termination "normal"]
[Board "3.5"]
[WhiteElo "1941"]
[BlackElo "1955"]
[WhiteTeam "SC Forchheim"]
[BlackTeam "SF Neuberg"]
[PlyCount "41"]
[WhiteFideId "24643432"]
[BlackFideId "1270565"]
[EventCountry "GER"]
[EventRounds "7"]
[EventType "team-swiss"]
[EventDate "2010.12.26"]

1. e4 c5 2. Nc3 Nc6 3. Bc4 e6 4. d3 Nf6 5. Bg5 Be7 6. Bxf6 Bxf6 7. Nge2 a6 8.
a4 b6 9. O-O d6 10. f4 O-O 11. Ng3 Bxc3 12. bxc3 d5 13. Ba2 Bb7 14. f5 b5 15.
f6 g6 16. Qd2 Kh8 17. Qg5 c4 18. Rf4 Rg8 19. Rh4 Qf8 20. Rh6 Ne5 21. Qh4 1-0

[Event "DVM U20 2010"]
[Site "Osnabrück GER"]
[Date "2010.12.27"]
[Round "2"]
[White "Bluhm, Sonja Maria"]
[Black "Justi, Fabian"]
[Result "1/2-1/2"]
[Termination "normal"]
[Board "3.6"]
[WhiteElo "1818"]
[BlackElo "1912"]
[WhiteTeam "SF Neuberg"]
[BlackTeam "SC Forchheim"]
[PlyCount "66"]
[WhiteFideId "24654027"]
[BlackFideId "4614828"]
[EventCountry "GER"]
[EventRounds "7"]
[EventType "team-swiss"]
[EventDate "2010.12.26"]

1. e4 c5 2. Nf3 d6 3. d4 cxd4 4. Nxd4 Nf6 5. Nc3 g6 6. Be3 Bg7 7. f3 Nc6 8. Qd2
O-O 9. O-O-O d5 10. exd5 Nxd5 11. Nxc6 bxc6 12. Bd4 e5 13. Bc5 Be6 14. Ne4 f5
15. Nd6 Nb6 16. Kb1 Rb8 17. Ba3 Qf6 18. c3 Rfd8 19. Qc2 Nd5 20. Nc4 e4 21. Ka1
e3 22. Be2 f4 23. g3 Bf5 24. Qc1 Nb6 25. Nxb6 axb6 26. gxf4 c5 27. Qxe3 Re8 28.
Qf2 Ra8 29. Bc4+ Kh8 30. Rc1 Rxa3 31. bxa3 Qxc3+ 32. Rxc3 Bxc3+ 33. Qb2 Bxb2+
1/2-1/2

[Event "DVM U20 2010"]
[Site "Osnabrück GER"]
[Date "2010.12.27"]
[Round "2"]
[White "Borgmeyer, Max"]
[Black "Schneider, David"]
[Result "0-1"]
[Termination "normal"]
[Board "4.1"]
[WhiteElo "2170"]
[BlackElo "2269"]
[WhiteTeam "Koenigsspringer SC 1984"]
[BlackTeam "FSV Großenseebach"]
[PlyCount "62"]
[WhiteFideId "24615870"]
[BlackFideId "4697111"]
[EventCountry "GER"]
[EventRounds "7"]
[EventType "team-swiss"]
[EventDate "2010.12.26"]

1. e4 c5 2. Nf3 e6 3. d4 cxd4 4. Nxd4 a6 5. Bd3 Bc5 6. Nb3 Be7 7. O-O Qc7 8.
Qg4 g6 9. Qe2 d6 10. Bd2 Nf6 11. Nc3 Nbd7 12. Rae1 O-O 13. a4 b6 14. f4 Bb7 15.
Kh1 Rfe8 16. Nd4 Bf8 17. Nf3 Bg7 18. Qf2 Nc5 19. Qh4 d5 20. exd5 Nxd3 21. cxd3
Bxd5 22. Ne4 Qd8 23. Qh3 Bb7 24. Bc3 Bxe4 25. dxe4 Qd3 26. Bxf6 Bxf6 27. e5 Be7
28. Rd1 Qf5 29. Rd7 Rad8 30. Rc7 Rd1 31. g4 Bc5 {nicht weiter rekonstruierbar}
0-1

[Event "DVM U20 2010"]
[Site "Osnabrück GER"]
[Date "2010.12.27"]
[Round "2"]
[White "Linsenmeyer, Mario"]
[Black "Lock, Adrian"]
[Result "0-1"]
[Termination "normal"]
[Board "4.2"]
[WhiteElo "2108"]
[BlackElo "2022"]
[WhiteTeam "FSV Großenseebach"]
[BlackTeam "Koenigsspringer SC 1984"]
[PlyCount "64"]
[WhiteFideId "24635138"]
[BlackFideId "24651290"]
[EventCountry "GER"]
[EventRounds "7"]
[EventType "team-swiss"]
[EventDate "2010.12.26"]

1. e4 e6 2. d4 d5 3. Nc3 Nf6 4. e5 Nfd7 5. f4 c5 6. Nf3 Nc6 7. Be3 cxd4 8. Nxd4
Bc5 9. Qd2 O-O 10. O-O-O a6 11. h4 Nxd4 12. Bxd4 b5 13. Rh3 b4 14. Ne2 a5 15.
f5 Bxd4 16. Qxd4 Qc7 17. Re3 Ba6 18. f6 Rfc8 19. Rd2 Qc4 20. Rg3 g6 21. Qe3
Qxa2 22. Kd1 Bxe2+ 23. Kxe2 Qxb2 24. Rg5 Rxc2 25. Rxc2 Qxc2+ 26. Kf3 Qc3 27.
Bd3 h6 28. Rxg6+ fxg6 29. Qxh6 Nxe5+ 30. Ke2 Qxd3+ 31. Ke1 Qe4+ 32. Kd1 Ra7 0-1

[Event "DVM U20 2010"]
[Site "Osnabrück GER"]
[Date "2010.12.27"]
[Round "2"]
[White "Maiorov, Daniel"]
[Black "Quaschner, Tobias"]
[Result "0-1"]
[Termination "normal"]
[Board "4.3"]
[WhiteElo "1980"]
[BlackElo "1989"]
[WhiteTeam "Koenigsspringer SC 1984"]
[BlackTeam "FSV Großenseebach"]
[PlyCount "40"]
[WhiteFideId "24646920"]
[BlackFideId "24646989"]
[EventCountry "GER"]
[EventRounds "7"]
[EventType "team-swiss"]
[EventDate "2010.12.26"]

1. e4 c5 2. Nf3 d6 3. d4 cxd4 4. Nxd4 Nf6 5. Nc3 a6 6. Bg5 e6 7. f4 Qb6 8. Qd2
Qxb2 9. Rb1 Qa3 10. Bxf6 gxf6 11. f5 Nc6 12. fxe6 fxe6 13. Bc4 Bh6 14. Qd3 Ne5
15. Qh3 Nxc4 16. Qh5+ Ke7 17. Qxh6 Qxc3+ 18. Kf1 Rf8 19. Ne2 Qe3 20. Qxh7+ Rf7
0-1

[Event "DVM U20 2010"]
[Site "Osnabrück GER"]
[Date "2010.12.27"]
[Round "2"]
[White "Kirch, Florian"]
[Black "Raider, Eugen"]
[Result "1-0"]
[Termination "normal"]
[Board "4.4"]
[WhiteElo "2031"]
[BlackElo "1905"]
[WhiteTeam "FSV Großenseebach"]
[BlackTeam "Koenigsspringer SC 1984"]
[PlyCount "21"]
[WhiteFideId "24605794"]
[BlackFideId "24657352"]
[EventCountry "GER"]
[EventRounds "7"]
[EventType "team-swiss"]
[EventDate "2010.12.26"]

1. d4 Nf6 2. Nf3 e6 3. c4 c5 4. d5 b5 5. Bg5 b4 6. e4 h6 7. Bxf6 Qxf6 8. e5 Qg6
9. Bd3 Qg4 10. h3 Qxg2 11. Rh2 1-0

[Event "DVM U20 2010"]
[Site "Osnabrück GER"]
[Date "2010.12.27"]
[Round "2"]
[White "Langmann, Markus"]
[Black "Quaschner, Manuel"]
[Result "0-1"]
[Termination "normal"]
[Board "4.5"]
[WhiteElo "1922"]
[BlackElo "1867"]
[WhiteTeam "Koenigsspringer SC 1984"]
[BlackTeam "FSV Großenseebach"]
[PlyCount "70"]
[WhiteFideId "24651281"]
[BlackFideId "24690139"]
[EventCountry "GER"]
[EventRounds "7"]
[EventType "team-swiss"]
[EventDate "2010.12.26"]

1. e4 c5 2. c3 d6 3. d4 Nf6 4. Bd3 Nc6 5. d5 Ne5 6. f4 Nxd3+ 7. Qxd3 e6 8. c4
exd5 9. cxd5 g6 10. Nf3 Bg7 11. O-O O-O 12. Nc3 Qb6 13. Kh1 Re8 14. Bd2 Bd7 15.
Rae1 Rad8 16. Qc2 Qc7 17. a4 a6 18. Nd1 b5 19. b3 Rb8 20. Bc3 c4 21. Ba1 Rbc8
22. b4 a5 23. axb5 axb4 24. Nd4 c3 25. Nc6 Bxc6 26. bxc6 Ra8 27. Nf2 Qb6 28.
Rb1 Qd4 29. Rfd1 Qc4 30. Qd3 Qxd3 31. Rxd3 Nxe4 32. Nxe4 Rxe4 33. Rf1 Rc4 34.
g3 c2 35. Bxg7 c1=Q 0-1